书目信息 |
| 题名: |
中国硬笔书法名家作品鉴赏
|
|
| 作者: | 沈鸿根 著 | |
| 分册: | ||
| 出版信息: | 重庆 重庆出版社 2000.01 |
|
| 页数: | 356页 | |
| 开本: | 32开 | |
| 丛书名: | ||
| 单 册: | ||
| 中图分类: | J292.11 | |
| 科图分类: | ||
| 主题词: | 书法--中国 , 篆刻--中国 | |
| 电子资源: | ||
| ISBN: | 7-5366-4333-0 | |
| 000 | 00607nam0 2200205 45 | |
| 001 | 0010041094 | |
| 005 | 20001004105638.3 | |
| 010 | @a7-5366-4333-0@d25.00元 | |
| 100 | @a20001004d2000 km y0chiy0120 ea | |
| 101 | 0 | @achi |
| 105 | @a z 000yy | |
| 200 | 1 | @a中国硬笔书法名家作品鉴赏@AZhong Guo Ying Bi Shu Fa Ming Jia Zuo Pin Jian Shang@f沈鸿根 著@FShen Hong Gen Zhu |
| 210 | @a重庆@c重庆出版社@d2000.01 | |
| 215 | @a356页@d32开 | |
| 606 | 0 | @a书法@x中国 |
| 606 | 0 | @a篆刻@x中国 |
| 690 | @aJ292.11@v3 | |
| 701 | 0 | @a沈鸿根@4著 |
| 801 | @aCN@bPftUser@c20001004 | |
| 905 | @b165007-011@dJ292.11@eSH268@f5 | |
| 中国硬笔书法名家作品鉴赏/沈鸿根 著.-重庆:重庆出版社,2000.01 |
| 356页;32开 |
| ISBN 7-5366-4333-0:25.00元 |
| ● |
| 相关链接 |
|
|
|
正题名:中国硬笔书法名家作品鉴赏
索取号:J292.11/SH268
 
预约/预借
| 序号 | 登录号 | 条形码 | 馆藏地/架位号 | 状态 | 备注 |
| 1 | 165007 | 201650070 | 社科库309/309社科库 79排2列3层/ [索取号:J292.11/SH268] | 在馆 | |
| 2 | 165008 | 201650089 | 数理学院资料室/ [索取号:J292.11/SH268] | 在馆 | |
| 3 | 165009 | 201650098 | 社科库309/309社科库 79排2列3层/ [索取号:J292.11/SH268] | 在馆 | |
| 4 | 165010 | 201650105 | 社科库309/309社科库 79排4列6层/ [索取号:J292.11/SH268] | 在馆 | |
| 5 | 165011 | 201650114 | 社科库309/309社科库 79排4列6层/ [索取号:J292.11/SH268] | 在馆 |